[Event "UKR-ch (Women)"]
[Site "Poltava"]
[Date "2011.10.14"]
[Round "8"]
[White "Goreskul, Alyona"]
[Black "Motsar, Irina"]
[Result "1-0"]
[WhiteElo "2199"]
[BlackElo "2145"]
[PlyCount "74"]
[EventDate "2011.10.07"]
[EventType "swiss"]
[EventRounds "9"]
[EventCountry "UKR"]
[SourceTitle "CBM 144 Extra"]
[Source "ChessBase"]
[SourceDate "2011.10.28"]
[SourceVersion "1"]
[SourceVersionDate "2011.10.28"]
[SourceQuality "1"]

1. e4 c5 2. Nf3 d6 3. d4 cxd4 4. Nxd4 Nf6 5. Nc3 a6 6. Be2 e6 7. a4 Be7 8. 0-0 0-0 9. Be3 Nc6 10. Nb3 b6 11. f4 Qc7 12. g4 Nd7 13. g5 Re8 14. Rf3 Nc5 15. Rh3 g6 16. Qe1 Bf8 17. Qh4 h5 18. f5 Nb4 19. Bxh5 exf5 20. Bf3 Bg7 21. Bd4 Re5 22. Bxe5 dxe5 23. exf5 e4 24. Qh7+ Kf8 25. f6 Bxh3 26. fxg7+ Ke7 27. Qxh3 exf3 28. Qxf3 Rg8 29. Qf6+ Ke8 30. Re1+ Ne6 31. Rxe6+ fxe6 32. Qxe6+ Qe7 33. Qxg8+ Kd7 34. Qf8 Qe3+ 35. Qf2 Qxg5+ 36. Qg3 Qd8 37. Qg4+ Kc7 1-0

[Event "Kiev Spring op"]
[Site "Kiev"]
[Date "2011.03.21"]
[Round "4.17"]
[White "Motsar, Irina"]
[Black "Sheyin, Aleksander"]
[Result "1-0"]
[WhiteElo "2093"]
[BlackElo "1977"]
[PlyCount "47"]
[EventDate "2011.03.19"]
[EventType "swiss"]
[EventRounds "9"]
[EventCountry "UKR"]
[SourceTitle "EXT 2012"]
[Source "ChessBase"]
[SourceDate "2011.11.24"]
[SourceVersion "1"]
[SourceVersionDate "2011.11.24"]
[SourceQuality "1"]

1. e4 c5 2. Nf3 d6 3. d4 cxd4 4. Nxd4 Nf6 5. Nc3 Nc6 6. Bg5 e6 7. Qd2 a6 8. 0-0-0 h6 9. Bxf6 gxf6 10. f4 Bd7 11. f5 b5 12. Kb1 Ne5 13. fxe6 fxe6 14. Bd3 h5 15. h3 Bh6 16. Qf2 b4 17. Nce2 a5 18. Rhf1 Bg7 19. Nf4 Ke7 20. Nf3 Be8 21. Nxe5 dxe5 22. Nxe6 Kxe6 23. Bc4+ Ke7 24. Qc5+ 1-0

[Event "Kiev Slavjanskoe bratstvo"]
[Site "Kiev"]
[Date "2010.08.27"]
[Round "6"]
[White "Motsar, Irina"]
[Black "Rudenok, Tatiana"]
[Result "0-1"]
[WhiteElo "2133"]
[BlackElo "1944"]
[PlyCount "70"]
[EventDate "2010.06.22"]
[EventType "swiss"]
[EventRounds "9"]
[EventCountry "UKR"]
[SourceTitle "EXT 2011"]
[Source "ChessBase"]
[SourceDate "2010.11.26"]
[SourceVersion "1"]
[SourceVersionDate "2010.11.26"]
[SourceQuality "1"]

1. e4 c5 2. Nf3 Nc6 3. d4 cxd4 4. Nxd4 g6 5. Nc3 Bg7 6. Be3 Nf6 7. Bc4 0-0 8. f3 Qb6 9. Ncb5 a6 10. Nf5 Qd8 11. Nbd4 gxf5 12. Nxf5 d5 13. Bd3 Bxf5 14. exf5 Nb4 15. g4 d4 16. Bd2 Nxd3+ 17. cxd3 Nd5 18. 0-0 Ne3 19. Bxe3 dxe3 20. Qe2 Qd4 21. Rab1 Rfd8 22. Rfd1 Rac8 23. Kh1 Rc6 24. Re1 Bh6 25. g5 Bxg5 26. Rg1 h6 27. Rg4 Qxd3 28. Qxd3 Rxd3 29. h4 e2 30. hxg5 Rd1+ 31. Rg1 Rxb1 32. Rxb1 Rd6 33. Rg1 Rd1 34. gxh6+ Rxg1+ 35. Kxg1 e1Q+ 0-1